[Event "DEM U10 2023"]
[Site "Willingen GER"]
[Date "2023.06.02"]
[Round "10"]
[White "Burban, Bogdan"]
[Black "Rusch, Levi Adrian"]
[Result "1/2-1/2"]
[Termination "normal"]
[Board "20"]
[WhiteElo "1300"]
[BlackElo "1151"]
[WhiteClock "00:17:32"]
[BlackClock "00:48:20"]
[PlyCount "59"]
[WhiteFideId "34609040"]
[BlackFideId "34660224"]
[EventCountry "GER"]
[EventRounds "11"]
[EventType "swiss"]
[EventDate "2023.05.27"]

1. d4 {[%clk 01:15:56]} {[%emt 00:00:03]} d5 {[%clk 01:15:57]} {[%emt
00:00:05]} 2. c4 {[%clk 01:16:17]} {[%emt 00:00:08]} e6 {[%emt 00:00:04]} 3.
Nc3 {[%clk 01:16:35]} {[%emt 00:00:11]} Nf6 {[%clk 01:16:48]} {[%emt 00:00:06]}
4. cxd5 {[%clk 01:16:56]} {[%emt 00:00:09]} exd5 {[%clk 01:17:14]} {[%emt
00:00:05]} 5. Bg5 {[%clk 01:17:11]} {[%emt 00:00:14]} c6 {[%clk 01:17:35]}
{[%emt 00:00:09]} 6. e3 {[%clk 01:17:13]} {[%emt 00:00:29]} Be7 {[%clk
01:17:40]} {[%emt 00:00:25]} 7. Bd3 {[%clk 01:17:30]} {[%emt 00:00:12]} O-O
{[%clk 01:17:48]} {[%emt 00:00:22]} 8. Qc2 {[%clk 01:17:41]} {[%emt 00:00:20]}
h6 {[%clk 01:18:06]} {[%emt 00:00:11]} 9. Bh4 {[%clk 01:17:54]} {[%emt
00:00:16]} Re8 {[%clk 01:18:24]} {[%emt 00:00:13]} 10. Nf3 {[%clk 01:17:44]}
{[%emt 00:00:39]} Ne4 {[%clk 01:18:24]} {[%emt 00:00:31]} 11. Bg3 {[%clk
01:16:09]} {[%emt 00:02:05]} Bg4 {[%clk 01:18:19]} {[%emt 00:00:35]} 12. Ne5
{[%clk 01:14:23]} {[%emt 00:02:15]} Bf5 {[%clk 01:17:15]} {[%emt 00:01:35]} 13.
O-O {[%clk 01:09:17]} {[%emt 00:05:37]} Nxg3 {[%clk 01:16:15]} {[%emt
00:01:29]} 14. hxg3 {[%clk 01:08:05]} {[%emt 00:01:42]} Bxd3 {[%clk 01:16:26]}
{[%emt 00:00:20]} 15. Qxd3 {[%clk 01:08:22]} {[%emt 00:00:13]} Nd7 {[%clk
01:16:48]} {[%emt 00:00:08]} 16. Nf3 {[%clk 01:06:34]} {[%emt 00:02:18]} b5
{[%clk 01:12:36]} {[%emt 00:04:42]} 17. Rac1 {[%clk 01:04:42]} {[%emt
00:02:22]} b4 {[%clk 01:12:21]} {[%emt 00:00:46]} 18. Ne2 {[%clk 01:04:06]}
{[%emt 00:01:06]} c5 {[%clk 01:12:35]} {[%emt 00:00:16]} 19. Nf4 {[%clk
01:02:53]} {[%emt 00:01:43]} c4 {[%clk 01:12:14]} {[%emt 00:00:51]} 20. Qf5
{[%clk 00:59:21]} {[%emt 00:04:01]} Nf6 {[%clk 01:08:53]} {[%emt 00:03:52]} 21.
Ne5 {[%clk 00:56:34]} {[%emt 00:03:16]} a5 {[%clk 01:04:30]} {[%emt 00:04:53]}
22. Nxf7 {[%clk 00:54:18]} {[%emt 00:02:46]} Qc8 {[%clk 01:01:19]} {[%emt
00:03:42]} 23. Qxc8 {[%clk 00:48:13]} {[%emt 00:06:34]} Raxc8 {[%clk 00:59:02]}
{[%emt 00:02:47]} 24. Ne5 {[%clk 00:47:52]} {[%emt 00:00:51]} g5 {[%clk
00:57:42]} {[%emt 00:01:50]} 25. Nfg6 {[%clk 00:47:11]} {[%emt 00:01:11]} Bd6
{[%clk 00:56:00]} {[%emt 00:02:13]} 26. Kh2 {[%clk 00:39:37]} {[%emt 00:08:03]}
Kg7 {[%clk 00:54:24]} {[%emt 00:02:06]} 27. Kh3 {[%clk 00:38:18]} {[%emt
00:01:48]} h5 {[%clk 00:50:54]} {[%emt 00:04:01]} 28. Rc2 {[%clk 00:28:53]}
{[%emt 00:09:56]} Ng4 {[%clk 00:50:31]} {[%emt 00:00:52]} 29. Rd1 {[%clk
00:24:52]} {[%emt 00:04:30]} a4 {[%clk 00:48:20]} {[%emt 00:02:42]} 30. Rdd2
{[%clk 00:17:32]} {[%emt 00:07:50]} 1/2-1/2

[Event "DEM U10 2023"]
[Site "Willingen GER"]
[Date "2023.06.02"]
[Round "10"]
[White "Döscher, Rasmus"]
[Black "Hildebrand, Azat"]
[Result "0-1"]
[Termination "normal"]
[Board "21"]
[WhiteElo "1049"]
[BlackElo "1502"]
[WhiteClock "00:40:33"]
[BlackClock "00:25:19"]
[PlyCount "66"]
[WhiteFideId "34625038"]
[BlackFideId "34607536"]
[EventCountry "GER"]
[EventRounds "11"]
[EventType "swiss"]
[EventDate "2023.05.27"]

1. d4 {[%clk 01:15:59]} d5 {[%clk 01:15:50]} {[%emt 00:00:10]} 2. c4 {[%clk
01:16:19]} {[%emt 00:00:09]} e6 {[%clk 01:16:08]} {[%emt 00:00:13]} 3. Nc3
{[%clk 01:16:28]} {[%emt 00:00:21]} c6 {[%clk 01:16:20]} {[%emt 00:00:18]} 4.
Nf3 {[%clk 01:16:29]} {[%emt 00:00:28]} dxc4 {[%clk 01:16:37]} {[%emt
00:00:14]} 5. Bf4 {[%clk 01:15:47]} {[%emt 00:01:12]} b5 {[%clk 01:15:01]}
{[%emt 00:02:06]} 6. e3 {[%clk 01:14:06]} {[%emt 00:02:10]} Bb7 {[%clk
01:13:53]} {[%emt 00:01:39]} 7. a4 {[%clk 01:12:53]} {[%emt 00:01:44]} a6
{[%clk 01:10:59]} {[%emt 00:03:22]} 8. Be2 {[%clk 01:10:25]} {[%emt 00:02:58]}
Nf6 {[%clk 01:07:46]} {[%emt 00:03:42]} 9. O-O {[%clk 01:09:03]} {[%emt
00:01:53]} Nbd7 {[%clk 01:04:25]} {[%emt 00:03:52]} 10. b3 {[%clk 01:01:00]}
{[%emt 00:08:32]} b4 {[%clk 00:45:34]} {[%emt 00:19:21]} 11. Na2 {[%clk
01:00:30]} {[%emt 00:00:57]} c3 {[%clk 00:45:17]} {[%emt 00:00:50]} 12. Rc1
{[%clk 00:53:10]} {[%emt 00:07:50]} a5 {[%clk 00:43:48]} {[%emt 00:01:58]} 13.
Ne5 {[%clk 00:49:45]} {[%emt 00:03:56]} Nxe5 {[%clk 00:40:17]} {[%emt
00:04:01]} 14. Bxe5 {[%clk 00:49:41]} {[%emt 00:00:31]} Bd6 {[%clk 00:37:57]}
{[%emt 00:02:52]} 15. Bxd6 {[%clk 00:48:55]} {[%emt 00:01:15]} Qxd6 {[%clk
00:37:54]} {[%emt 00:00:34]} 16. Rc2 {[%clk 00:48:29]} {[%emt 00:00:54]} O-O
{[%clk 00:36:06]} {[%emt 00:02:20]} 17. Bf3 {[%clk 00:48:22]} {[%emt 00:00:37]}
Rab8 {[%clk 00:32:58]} {[%emt 00:03:38]} 18. Nc1 {[%clk 00:46:56]} {[%emt
00:01:55]} Rfc8 {[%clk 00:32:25]} {[%emt 00:01:02]} 19. Nd3 {[%clk 00:46:52]}
{[%emt 00:00:35]} Nd7 {[%clk 00:27:34]} {[%emt 00:05:21]} 20. Nf4 {[%clk
00:43:30]} {[%emt 00:03:52]} c5 {[%clk 00:25:39]} {[%emt 00:02:26]} 21. Bxb7
{[%clk 00:43:38]} {[%emt 00:00:22]} Rxb7 {[%clk 00:25:49]} {[%emt 00:00:20]}
22. d5 {[%clk 00:43:48]} {[%emt 00:00:19]} e5 {[%clk 00:25:13]} {[%emt
00:01:06]} 23. Ne2 {[%clk 00:43:25]} {[%emt 00:00:53]} Nf6 {[%clk 00:25:15]}
{[%emt 00:00:28]} 24. Ng3 {[%clk 00:43:23]} {[%emt 00:00:31]} Qxd5 {[%clk
00:24:29]} {[%emt 00:01:17]} 25. Nf5 {[%clk 00:42:31]} {[%emt 00:01:21]} Qe6
{[%clk 00:23:16]} {[%emt 00:01:44]} 26. Nd6 {[%clk 00:42:40]} {[%emt 00:00:21]}
Rd7 {[%clk 00:23:32]} {[%emt 00:00:14]} 27. Nxc8 {[%clk 00:39:47]} {[%emt
00:03:22]} Rxd1 {[%clk 00:23:48]} {[%emt 00:00:14]} 28. Rxd1 {[%clk 00:39:52]}
{[%emt 00:00:25]} Qxc8 {[%clk 00:24:12]} {[%emt 00:00:07]} 29. h3 {[%clk
00:39:59]} {[%emt 00:00:23]} h6 {[%clk 00:24:29]} {[%emt 00:00:14]} 30. Rcc1
{[%clk 00:40:04]} {[%emt 00:00:25]} Qe6 {[%clk 00:24:45]} {[%emt 00:00:13]} 31.
Rb1 {[%clk 00:40:14]} {[%emt 00:00:21]} c2 {[%clk 00:24:59]} {[%emt 00:00:16]}
32. Rd8+ {[%clk 00:40:20]} {[%emt 00:00:23]} Kh7 {[%clk 00:25:06]} {[%emt
00:00:23]} 33. Rc1 {[%clk 00:40:33]} {[%emt 00:00:17]} Qxb3 {[%clk 00:25:19]}
{[%emt 00:00:18]} 0-1

[Event "DEM U10 2023"]
[Site "Willingen GER"]
[Date "2023.06.02"]
[Round "10"]
[White "Schmidt, Jossip"]
[Black "Ziem, Ole"]
[Result "1-0"]
[Termination "normal"]
[Board "22"]
[WhiteElo "1276"]
[BlackElo "1312"]
[WhiteClock "00:19:41"]
[BlackClock "00:42:46"]
[PlyCount "69"]
[WhiteFideId "34621148"]
[BlackFideId "34624791"]
[EventCountry "GER"]
[EventRounds "11"]
[EventType "swiss"]
[EventDate "2023.05.27"]

1. d4 {[%clk 01:15:51]} {[%emt 00:00:07]} Nf6 {[%clk 01:15:53]} {[%emt
00:00:08]} 2. c4 {[%clk 01:15:08]} {[%emt 00:01:13]} g6 {[%clk 01:15:39]}
{[%emt 00:00:44]} 3. Nc3 {[%clk 01:14:22]} {[%emt 00:01:14]} Bg7 {[%clk
01:15:30]} {[%emt 00:00:41]} 4. e4 {[%clk 01:13:48]} {[%emt 00:01:03]} d6
{[%clk 01:15:15]} {[%emt 00:00:46]} 5. h3 {[%clk 01:11:50]} {[%emt 00:02:27]}
O-O {[%clk 01:15:07]} {[%emt 00:00:38]} 6. Be3 {[%clk 01:10:50]} {[%emt
00:01:29]} Nbd7 {[%clk 01:14:18]} {[%emt 00:01:21]} 7. g4 {[%clk 01:08:57]}
{[%emt 00:02:23]} c6 {[%clk 01:08:22]} {[%emt 00:06:26]} 8. Qd2 {[%clk
01:08:04]} {[%emt 00:01:21]} e5 {[%clk 01:08:17]} {[%emt 00:00:37]} 9. d5
{[%clk 01:06:01]} {[%emt 00:02:32]} cxd5 {[%clk 01:05:56]} {[%emt 00:02:51]}
10. cxd5 {[%clk 01:04:55]} {[%emt 00:01:36]} b6 {[%clk 01:05:06]} {[%emt
00:01:21]} 11. Bh6 {[%clk 01:00:36]} {[%emt 00:04:47]} Bb7 {[%clk 01:03:58]}
{[%emt 00:01:40]} 12. Bxg7 {[%clk 00:59:03]} {[%emt 00:02:03]} Kxg7 {[%clk
01:04:06]} {[%emt 00:00:22]} 13. f3 {[%clk 00:58:26]} {[%emt 00:01:06]} Rc8
{[%clk 01:00:13]} {[%emt 00:04:25]} 14. Nb5 {[%clk 00:57:05]} {[%emt 00:01:51]}
Qe7 {[%clk 00:55:29]} {[%emt 00:05:15]} 15. Nxa7 {[%clk 00:55:33]} {[%emt
00:01:56]} Rc5 {[%clk 00:54:23]} {[%emt 00:01:39]} 16. b4 {[%clk 00:54:41]}
{[%emt 00:01:22]} Rc7 {[%clk 00:54:26]} {[%emt 00:00:29]} 17. Nb5 {[%clk
00:54:31]} {[%emt 00:00:40]} Rcc8 {[%clk 00:54:47]} {[%emt 00:00:09]} 18. h4
{[%clk 00:53:02]} {[%emt 00:01:55]} Ne8 {[%clk 00:51:40]} {[%emt 00:03:40]} 19.
h5 {[%clk 00:52:13]} {[%emt 00:01:19]} g5 {[%clk 00:51:16]} {[%emt 00:00:54]}
20. Rc1 {[%clk 00:49:16]} {[%emt 00:03:26]} Rxc1+ {[%clk 00:50:42]} {[%emt
00:01:06]} 21. Qxc1 {[%clk 00:49:28]} {[%emt 00:00:16]} h6 {[%clk 00:49:56]}
{[%emt 00:01:16]} 22. Ne2 {[%clk 00:48:48]} {[%emt 00:01:09]} Nef6 {[%clk
00:48:53]} {[%emt 00:01:32]} 23. Ng3 {[%clk 00:47:21]} {[%emt 00:01:59]} Kh7
{[%clk 00:48:19]} {[%emt 00:01:05]} 24. Nf5 {[%clk 00:47:20]} {[%emt 00:00:31]}
Qd8 {[%clk 00:48:38]} {[%emt 00:00:10]} 25. Nbxd6 {[%clk 00:47:01]} {[%emt
00:00:47]} Qa8 {[%clk 00:48:12]} {[%emt 00:00:57]} 26. Qc7 {[%clk 00:44:02]}
{[%emt 00:03:30]} Ba6 {[%clk 00:46:50]} {[%emt 00:01:54]} 27. b5 {[%clk
00:42:45]} {[%emt 00:01:47]} Bc8 {[%clk 00:47:16]} {[%emt 00:00:04]} 28. Ne7
{[%clk 00:41:54]} {[%emt 00:01:20]} Qa5+ {[%clk 00:47:38]} {[%emt 00:00:09]}
29. Kd1 {[%clk 00:29:38]} {[%emt 00:12:45]} Qa4+ {[%clk 00:46:51]} {[%emt
00:01:18]} 30. Qc2 {[%clk 00:27:55]} {[%emt 00:02:10]} Qd4+ {[%clk 00:47:17]}
{[%emt 00:00:06]} 31. Ke2 {[%clk 00:27:40]} {[%emt 00:00:46]} Nc5 {[%clk
00:43:53]} {[%emt 00:03:55]} 32. Nexc8 {[%clk 00:26:29]} {[%emt 00:01:39]} Rd8
{[%clk 00:43:22]} {[%emt 00:00:59]} 33. Ne7 {[%clk 00:25:52]} {[%emt 00:01:09]}
Na4 {[%clk 00:42:41]} {[%emt 00:01:07]} 34. Ndf5 {[%clk 00:21:18]} {[%emt
00:05:08]} Qb4 {[%clk 00:42:46]} {[%emt 00:00:25]} 35. Nc6 {[%clk 00:19:41]}
{[%emt 00:02:07]} 1-0

[Event "DEM U10 2023"]
[Site "Willingen GER"]
[Date "2023.06.02"]
[Round "10"]
[White "Moskalenko, Michael"]
[Black "Simon, Levi Paul"]
[Result "1-0"]
[Termination "normal"]
[Board "23"]
[WhiteElo "1243"]
[BlackElo "1297"]
[WhiteClock "00:29:51"]
[BlackClock "00:52:00"]
[PlyCount "89"]
[WhiteFideId "34608877"]
[BlackFideId "34652310"]
[EventCountry "GER"]
[EventRounds "11"]
[EventType "swiss"]
[EventDate "2023.05.27"]

1. d4 {[%clk 01:15:59]} d5 {[%clk 01:15:53]} {[%emt 00:00:08]} 2. c4 {[%clk
01:16:21]} {[%emt 00:00:07]} e6 {[%clk 01:16:18]} {[%emt 00:00:05]} 3. Nf3
{[%clk 01:16:42]} {[%emt 00:00:08]} Nf6 {[%clk 01:13:44]} {[%emt 00:03:03]} 4.
Nc3 {[%clk 01:17:03]} {[%emt 00:00:09]} c6 {[%clk 01:12:58]} {[%emt 00:01:17]}
5. cxd5 {[%clk 01:16:25]} {[%emt 00:01:08]} cxd5 {[%clk 01:13:15]} {[%emt
00:00:12]} 6. Bg5 {[%clk 01:16:38]} {[%emt 00:00:17]} Nc6 {[%clk 01:13:09]}
{[%emt 00:00:37]} 7. e3 {[%clk 01:16:53]} {[%emt 00:00:15]} h6 {[%clk
01:13:09]} {[%emt 00:00:30]} 8. Bh4 {[%clk 01:17:10]} {[%emt 00:00:12]} Bd7
{[%clk 01:12:54]} {[%emt 00:00:45]} 9. Bb5 {[%clk 01:15:05]} {[%emt 00:02:36]}
a6 {[%clk 01:13:11]} {[%emt 00:00:13]} 10. Bxc6 {[%clk 01:14:47]} {[%emt
00:00:48]} bxc6 {[%clk 01:12:38]} {[%emt 00:01:03]} 11. Ne5 {[%clk 01:15:03]}
{[%emt 00:00:14]} c5 {[%clk 01:10:30]} {[%emt 00:02:38]} 12. dxc5 {[%clk
01:11:15]} {[%emt 00:04:19]} Bxc5 {[%clk 01:07:32]} {[%emt 00:03:27]} 13. O-O
{[%clk 01:10:27]} {[%emt 00:01:19]} Be7 {[%clk 01:04:55]} {[%emt 00:03:06]} 14.
Rc1 {[%clk 01:02:47]} {[%emt 00:08:11]} O-O {[%clk 01:05:13]} {[%emt 00:00:11]}
15. f4 {[%clk 01:02:14]} {[%emt 00:01:03]} Ne8 {[%clk 01:04:08]} {[%emt
00:01:33]} 16. Bxe7 {[%clk 01:00:01]} {[%emt 00:02:45]} Qxe7 {[%clk 01:03:40]}
{[%emt 00:00:58]} 17. Rf3 {[%clk 00:59:12]} {[%emt 00:01:19]} Rb8 {[%clk
01:00:31]} {[%emt 00:03:39]} 18. b3 {[%clk 00:56:50]} {[%emt 00:02:52]} Nd6
{[%clk 00:59:27]} {[%emt 00:01:34]} 19. Ne2 {[%clk 00:51:20]} {[%emt 00:06:01]}
Rfc8 {[%clk 00:59:27]} {[%emt 00:00:29]} 20. Nd4 {[%clk 00:48:44]} {[%emt
00:03:06]} Ne4 {[%clk 00:58:51]} {[%emt 00:01:06]} 21. Ndc6 {[%clk 00:48:19]}
{[%emt 00:00:57]} Bxc6 {[%clk 00:58:53]} {[%emt 00:00:27]} 22. Nxc6 {[%clk
00:47:46]} {[%emt 00:01:03]} Qc7 {[%clk 00:59:03]} {[%emt 00:00:19]} 23. Rf1
{[%clk 00:46:43]} {[%emt 00:01:33]} Ra8 {[%clk 00:58:52]} {[%emt 00:00:42]} 24.
Rc2 {[%clk 00:45:21]} {[%emt 00:01:52]} Qb7 {[%clk 00:58:07]} {[%emt 00:01:15]}
25. Qc1 {[%clk 00:43:51]} {[%emt 00:01:59]} Nd6 {[%clk 00:57:39]} {[%emt
00:00:58]} 26. Rd1 {[%clk 00:42:50]} {[%emt 00:01:31]} Kh7 {[%clk 00:55:55]}
{[%emt 00:02:15]} 27. Qb1 {[%clk 00:36:12]} {[%emt 00:07:08]} Kh8 {[%clk
00:53:53]} {[%emt 00:02:30]} 28. Rdc1 {[%clk 00:35:45]} {[%emt 00:00:58]} Ne4
{[%clk 00:52:07]} {[%emt 00:02:17]} 29. Qb2 {[%clk 00:28:46]} {[%emt 00:07:29]}
Kg8 {[%clk 00:50:11]} {[%emt 00:02:26]} 30. Ne7+ {[%clk 00:27:10]} {[%emt
00:02:06]} Qxe7 {[%clk 00:50:24]} {[%emt 00:00:17]} 31. Rxc8+ {[%clk 00:27:32]}
{[%emt 00:00:09]} Rxc8 {[%clk 00:50:43]} {[%emt 00:00:10]} 32. Rxc8+ {[%clk
00:27:53]} {[%emt 00:00:09]} Kh7 {[%clk 00:51:06]} {[%emt 00:00:07]} 33. Qc2
{[%clk 00:26:40]} {[%emt 00:01:43]} Qa7 {[%clk 00:51:16]} {[%emt 00:00:21]} 34.
Qd3 {[%clk 00:26:10]} {[%emt 00:01:00]} g6 {[%clk 00:50:26]} {[%emt 00:03:12]}
35. Qd4 {[%clk 00:28:21]} {[%emt 00:00:18]} Qxd4 {[%clk 00:50:41]} {[%emt
00:00:15]} 36. exd4 {[%clk 00:28:43]} {[%emt 00:00:08]} Nd6 {[%clk 00:50:55]}
{[%emt 00:00:15]} 37. Rc6 {[%clk 00:28:50]} {[%emt 00:00:24]} Nb5 {[%clk
00:51:13]} {[%emt 00:00:12]} 38. Rxa6 {[%clk 00:29:08]} {[%emt 00:00:12]} Nxd4
{[%clk 00:51:34]} {[%emt 00:00:09]} 39. b4 {[%clk 00:29:18]} {[%emt 00:00:20]}
Kg7 {[%clk 00:51:43]} {[%emt 00:00:20]} 40. a4 {[%clk 00:29:37]} {[%emt
00:00:12]} Ne2+ {[%clk 00:52:09]} {[%emt 00:00:04]} 41. Kf2 {[%clk 00:29:58]}
{[%emt 00:00:08]} Nxf4 {[%clk 00:52:28]} {[%emt 00:00:11]} 42. b5 {[%clk
00:30:13]} {[%emt 00:00:17]} Nd3+ {[%clk 00:52:17]} {[%emt 00:00:39]} 43. Kf1
{[%clk 00:30:01]} {[%emt 00:00:43]} Kf6 {[%clk 00:52:35]} {[%emt 00:00:12]} 44.
b6 {[%clk 00:29:52]} {[%emt 00:00:38]} Nc5 {[%clk 00:52:00]} {[%emt 00:01:06]}
45. Ra5 {[%clk 00:29:51]} {[%emt 00:00:32]} 1-0

[Event "DEM U10 2023"]
[Site "Willingen GER"]
[Date "2023.06.02"]
[Round "10"]
[White "Cremann, Jannis"]
[Black "König, Lian"]
[Result "1-0"]
[Termination "normal"]
[Board "24"]
[WhiteElo "1324"]
[BlackElo "924"]
[WhiteClock "01:10:48"]
[BlackClock "00:50:07"]
[PlyCount "43"]
[WhiteFideId "34660178"]
[BlackFideId "34660216"]
[EventCountry "GER"]
[EventRounds "11"]
[EventType "swiss"]
[EventDate "2023.05.27"]

1. d4 {[%clk 01:15:57]} {[%emt 00:00:02]} d5 {[%clk 01:15:55]} {[%emt
00:00:06]} 2. e4 {[%clk 01:16:16]} {[%emt 00:00:11]} c6 {[%clk 01:15:23]}
{[%emt 00:01:02]} 3. Nc3 {[%clk 01:16:18]} {[%emt 00:00:29]} dxe4 {[%clk
01:14:11]} {[%emt 00:01:42]} 4. Nxe4 {[%clk 01:16:18]} {[%emt 00:00:29]} Bf5
{[%clk 01:13:58]} {[%emt 00:00:43]} 5. Ng3 {[%clk 01:15:54]} {[%emt 00:00:55]}
Bg6 {[%clk 01:13:57]} {[%emt 00:00:31]} 6. Nf3 {[%clk 01:15:26]} {[%emt
00:00:58]} h6 {[%clk 01:13:25]} {[%emt 00:01:02]} 7. Bf4 {[%clk 01:15:18]}
{[%emt 00:00:38]} Nd7 {[%clk 01:11:30]} {[%emt 00:02:24]} 8. Bd3 {[%clk
01:14:56]} {[%emt 00:00:53]} Bxd3 {[%clk 01:11:33]} {[%emt 00:00:28]} 9. Qxd3
{[%clk 01:14:32]} {[%emt 00:00:54]} e6 {[%clk 01:11:13]} {[%emt 00:00:50]} 10.
O-O {[%clk 01:12:44]} {[%emt 00:02:18]} Ngf6 {[%clk 01:11:15]} {[%emt
00:00:28]} 11. c3 {[%clk 01:12:11]} {[%emt 00:01:03]} Nd5 {[%clk 01:10:43]}
{[%emt 00:01:00]} 12. Be3 {[%clk 01:12:08]} {[%emt 00:00:34]} Bd6 {[%clk
01:09:21]} {[%emt 00:01:52]} 13. a3 {[%clk 01:11:41]} {[%emt 00:00:57]} c5
{[%clk 01:03:43]} {[%emt 00:06:07]} 14. dxc5 {[%clk 01:10:57]} {[%emt
00:01:15]} Bxc5 {[%clk 01:03:41]} {[%emt 00:00:32]} 15. Bxc5 {[%clk 01:10:59]}
{[%emt 00:00:28]} Nxc5 {[%clk 01:03:43]} {[%emt 00:00:27]} 16. Qd4 {[%clk
01:10:57]} {[%emt 00:00:32]} Nb3 {[%clk 01:02:18]} {[%emt 00:01:55]} 17. Qa4+
{[%clk 01:11:09]} {[%emt 00:00:19]} Qd7 {[%clk 01:00:23]} {[%emt 00:02:24]} 18.
Qxb3 {[%clk 01:11:07]} {[%emt 00:00:33]} O-O {[%clk 00:59:31]} {[%emt
00:01:22]} 19. Rad1 {[%clk 01:11:15]} {[%emt 00:00:22]} Qc7 {[%clk 00:55:39]}
{[%emt 00:04:21]} 20. Nd4 {[%clk 01:10:38]} {[%emt 00:01:07]} a6 {[%clk
00:54:43]} {[%emt 00:01:27]} 21. Rfe1 {[%clk 01:10:39]} {[%emt 00:00:29]} b6
{[%clk 00:50:07]} {[%emt 00:05:06]} 22. Nxe6 {[%clk 01:10:48]} {[%emt
00:00:20]} 1-0

[Event "DEM U10 2023"]
[Site "Willingen GER"]
[Date "2023.06.02"]
[Round "10"]
[White "Franke, Moritz"]
[Black "Prashanthakumar, Arnesh"]
[Result "0-1"]
[Termination "normal"]
[Board "25"]
[WhiteElo "1141"]
[BlackElo "1395"]
[WhiteClock "01:05:59"]
[BlackClock "00:32:53"]
[PlyCount "46"]
[WhiteFideId "34629475"]
[BlackFideId "34604073"]
[EventCountry "GER"]
[EventRounds "11"]
[EventType "swiss"]
[EventDate "2023.05.27"]

1. e4 {[%clk 01:15:57]} {[%emt 00:00:03]} e5 {[%clk 01:15:55]} {[%emt
00:00:06]} 2. Nf3 {[%clk 01:16:18]} {[%emt 00:00:08]} Nc6 {[%clk 01:16:08]}
{[%emt 00:00:17]} 3. Bc4 {[%clk 01:16:37]} {[%emt 00:00:11]} Bc5 {[%clk
01:16:10]} {[%emt 00:00:29]} 4. d4 {[%clk 01:16:45]} {[%emt 00:00:22]} Bxd4
{[%clk 01:15:01]} {[%emt 00:01:39]} 5. Nxd4 {[%clk 01:16:59]} {[%emt 00:00:14]}
Nxd4 {[%clk 01:14:28]} {[%emt 00:01:04]} 6. Be3 {[%clk 01:17:12]} {[%emt
00:00:18]} Nc6 {[%clk 01:12:59]} {[%emt 00:02:00]} 7. O-O {[%clk 01:16:59]}
{[%emt 00:00:42]} Nf6 {[%clk 01:12:04]} {[%emt 00:01:25]} 8. Re1 {[%clk
01:16:02]} {[%emt 00:01:27]} d6 {[%clk 01:10:43]} {[%emt 00:01:51]} 9. h3
{[%clk 01:15:58]} {[%emt 00:00:34]} Be6 {[%clk 01:09:10]} {[%emt 00:02:04]} 10.
Bxe6 {[%clk 01:15:50]} {[%emt 00:00:37]} fxe6 {[%clk 01:09:14]} {[%emt
00:00:26]} 11. Bg5 {[%clk 01:15:28]} {[%emt 00:00:51]} h6 {[%clk 01:08:02]}
{[%emt 00:01:43]} 12. Bh4 {[%clk 01:15:34]} {[%emt 00:00:23]} Qe7 {[%clk
01:01:10]} {[%emt 00:07:22]} 13. Nc3 {[%clk 01:15:24]} {[%emt 00:00:40]} O-O-O
{[%clk 00:58:22]} {[%emt 00:03:19]} 14. Qd2 {[%clk 01:12:54]} {[%emt 00:03:00]}
g5 {[%clk 00:55:47]} {[%emt 00:03:06]} 15. Bg3 {[%clk 01:13:03]} {[%emt
00:00:20]} Rdg8 {[%clk 00:54:26]} {[%emt 00:01:51]} 16. f3 {[%clk 01:09:38]}
{[%emt 00:03:56]} h5 {[%clk 00:51:49]} {[%emt 00:03:06]} 17. Bf2 {[%clk
01:09:37]} {[%emt 00:00:31]} g4 {[%clk 00:49:40]} {[%emt 00:02:38]} 18. hxg4
{[%clk 01:09:27]} {[%emt 00:00:40]} hxg4 {[%clk 00:47:54]} {[%emt 00:02:16]}
19. Kf1 {[%clk 01:08:49]} {[%emt 00:01:08]} Rh2 {[%clk 00:42:23]} {[%emt
00:05:59]} 20. g3 {[%clk 01:08:03]} {[%emt 00:01:17]} gxf3 {[%clk 00:40:04]}
{[%emt 00:02:49]} 21. Qd3 {[%clk 01:06:04]} {[%emt 00:02:27]} Rh1+ {[%clk
00:36:11]} {[%emt 00:04:27]} 22. Bg1 {[%clk 01:05:58]} {[%emt 00:00:37]} Rxg3
{[%clk 00:34:23]} {[%emt 00:02:17]} 23. Kf2 {[%clk 01:05:59]} {[%emt 00:00:30]}
Qg7 {[%clk 00:32:53]} {[%emt 00:01:59]} 0-1